| 000 | 00549nam a2200157 i 4500 | ||
|---|---|---|---|
| 001 | 171990 | ||
| 003 | ES-MaACL | ||
| 005 | 20230929062538.0 | ||
| 008 | 090610s1863 sp |||| | spa d | ||
| 110 | 2 |
_aReal Academia Española _96336 |
|
| 245 | 1 | 0 |
_aMemoria relativa al monumento mural dedicado a Frey Lope Félix de Vega Carpio / _cpor la Real Academia Española. |
| 260 |
_aMadrid : _b[s.n.], _c1863 ( _fImp. Nacional) |
||
| 300 |
_a61 p., 1 lám. ; _c25 cm. |
||
| 852 |
_aES-MaACL _jK-142(1) _z- Enc. pasta española |
||
| 999 |
_c171990 _d171990 |
||